| 000 | 00735nam a22002297a 4500 | ||
|---|---|---|---|
| 005 | 20230322082326.0 | ||
| 008 | 230322b |||||||| |||| 00| 0 eng d | ||
| 020 | _a978-1-4496-3505-3 | ||
| 082 | _a616.02 T546 2012 | ||
| 100 |
_aThygerson, Alton L. _eauthor |
||
| 245 |
_aFirst aid, CPR and AED: _badvanced / _cAlton L. Thygerson, Steven M. Thygerson; editor Benjamin Gulli, Gina Piazza |
||
| 250 | _a6th ed. | ||
| 260 |
_aSudburry, MA: _bJones & Bartlett Learning, _cc2012 |
||
| 300 |
_axi, 469p.: _bcol. ill. |
||
| 504 | _aIncludes index | ||
| 541 | _e3925 | ||
| 650 | _aFirst aid | ||
| 650 | _aCPR (First aid) | ||
| 700 |
_aThygerson, Steven M. _eauthor |
||
| 700 |
_aGulli, Benjamin _eauthor |
||
| 700 |
_aPiazza, Gina _eauthor |
||
| 999 |
_c1961 _d1961 |
||